000 00940nam a22002897a 4500
001 9444
003 FISKH
005 20260108161320.0
008 260108b cb ||||| |||| 00| 0 eng d
020 _a9781740897969
040 _aFISKH
_beng
_cFISKH
_dFISKH
050 _aPZ7
082 _a790.2
100 _aCoupe, Robert
_eAuthor
245 _aHide and seek /
_cRobert Coupe
260 _aSydney :
_bWeldon Owen Pty Ltd ,
_c2008
300 _a31 pages :
_bcolor illustrations ;
_c23 cm
490 _aTop readers :
_vStage 3
505 _aP
520 _aAn animal can hide from its enemies just by being the right colour. Colour may also help an animal hunt. Its prey may not see it until it is too late to escape. What other ways do animals hide and seek?
521 8 _a600
_bLexile estimate
521 8 _aP
_bRaz-Plus
650 _aAnimals
_vHunting
650 _aPrey
_vEscape
942 _2ddc
_cBK
_n0
999 _c9444
_d9444